LEADER 01308nam0 22003133i 450 001 BVE0314302 005 20231121125417.0 100 $a20191204d1998 ||||0itac50 ba 101 | $aita 102 $ait 181 1$6z01$ai $bxxxe 182 1$6z01$an 200 1 $aJean Cocteau e la musica francese del Novecento$eGubbio, Centro servizi "Santo Spirito", 25 luglio-20 agosto 1998$fa cura di Cesare Nissirio$gtesti di Maria Cinque, Cesare Nissirio, Alberto Testa 210 $aRoma$cMuseo Parigino$d[1998?] 215 $a38 p.$cill.$d17x24 cm 300 $aIn testa al front.: Comune di Gubbio, Assessorato alla cultura; Museo parigino a Roma, Athena Parthenos. 606 $aCocteau, Jean$xEsposizioni$x1998$2FIR$3BVEC180766$9I 676 $a780.944$9$v21 702 1$aCocteau$b, Jean$3CFIV020964 702 1$aNissirio$b, Cesare$3CFIV025620 790 0$aJim$3USMV843109$zCocteau, Jean 801 3$aIT$bIT-01$c20191204 850 $aIT-FR0017 899 $aBiblioteca umanistica Giorgio Aprea$bFR0017 912 $aBVE0314302 950 0$aBiblioteca umanistica Giorgio Aprea$d 52MAG OPU 667$e 52SBA0000257415 VMB RS $fA $h20191204$i20191204 977 $a 52 996 $aJean Cocteau e la musica francese del Novecento$93603853 997 $aUNICAS